00747nam a2200169 a 450000500170000000800410001702000180005805000230007610000150009924500620011425000120017626000400018830000120022852002730024065000320051365000320054520140412111421.0080105s19uu xx 00 eng d a0-439-41659-0 aTR(PS EbTh41 2007 aGeist, Ken aThe three little fish and the big bad shark /cKen Geist. a1st ed. aNew York :bCartwhell books,c2007. aunpaged aIn this spoof of the three little fish, Mama tells her three little fish that it's time to seek their fortunes. Jim builds a houseof seaweed and tim builds a house of sand, but it's up to kim to find the house that will stop the big bad shark's munching and crunching. aFishesxJuvenile literature aSharksxJuvenile literature